Datum a čas kvízu
10.5
Celkem bodů
Celkový počet nahraných bodů na tomto kvízu bez doplňovacích otázek.
8.
Pořadí na kvízu
Konečné umístění týmu na tomto kvízu.
Zaznamenané odpovědi
| # | Otázka | Odpověď | Body | Výsledky |
|---|---|---|---|---|
| 1. | V pondělí zahájil jeden z orgá... | 0 | ||
| 2. | Ukrajinská prokuratura žádá 15... | 0 | ||
| 3. | Na americkou rockovou skupinu... | 0 | ||
| 4. | Tzv. aféra Dieselgate stála fi... | 0 | ||
| 5. | Na začátku září odehraje česká... | 0 | ||
| 6. | Jak se jmenuje tento robot, hr... | 0 | ||
| 7. | Napište podtitul filmu ze séri... | 0 | ||
| 8. | Humanoidní robot, který má pod... | 0 | ||
| 9. | Mezi roboty můžeme svým způsob... | 1 | ||
| 10. | Nesmíme opomenout Karla Čapka... | 0 |